Cam Jansen and the chocolate fudge mystery / (Record no. 7392)

MARC details
000 -LEADER
fixed length control field 01050nam a22003017a 4500
001 - CONTROL NUMBER
control field 7392
003 - CONTROL NUMBER IDENTIFIER
control field FISKH
005 - DATE AND TIME OF LATEST TRANSACTION
control field 20250711144132.0
008 - FIXED-LENGTH DATA ELEMENTS--GENERAL INFORMATION
fixed length control field 250711b cb ||||| |||| 00| 0 eng d
020 ## - INTERNATIONAL STANDARD BOOK NUMBER
International Standard Book Number 0590129023
040 ## - CATALOGING SOURCE
Original cataloging agency FISKH
Language of cataloging eng
Transcribing agency FISKH
Modifying agency FISKH
050 ## - LIBRARY OF CONGRESS CALL NUMBER
Classification number PZ7.A2615 C
082 ## - DEWEY DECIMAL CLASSIFICATION NUMBER
Classification number 813.54
100 ## - MAIN ENTRY--PERSONAL NAME
Personal name Adler, David A.
245 ## - TITLE STATEMENT
Title Cam Jansen and the chocolate fudge mystery /
Statement of responsibility, etc. By David A. Adler : Illustrated by Susanna Natti
250 ## - EDITION STATEMENT
Edition statement First Scholastic printing, September 1997
260 ## - PUBLICATION, DISTRIBUTION, ETC.
Place of publication, distribution, etc. New York :
Name of publisher, distributor, etc. Scholastic,
Date of publication, distribution, etc. 1993.
300 ## - PHYSICAL DESCRIPTION
Extent 58 pages :
Other physical details color illustrations ;
Dimensions 20 cm .
490 ## - SERIES STATEMENT
Series statement Cam Jansen
505 ## - FORMATTED CONTENTS NOTE
Formatted contents note L <br/><br/>
520 ## - SUMMARY, ETC.
Summary, etc. When Cam Jansen and her friend Eric uncover a mystery while selling fudge door-to-door to raise money for the local library, Cam uses her photographic memory to foil a crime.
521 8# - TARGET AUDIENCE NOTE
Target audience note 530 <br/><br/>
Source Lexile estimate <br/>
521 8# - TARGET AUDIENCE NOTE
Target audience note L <br/><br/>
Source Raz-Plus <br/>
650 ## - SUBJECT ADDED ENTRY--TOPICAL TERM
Topical term or geographic name entry element Mystery
Form subdivision Fiction
700 ## - ADDED ENTRY--PERSONAL NAME
Personal name Natti, Susanna
Relator term Illustrator
942 ## - ADDED ENTRY ELEMENTS (KOHA)
Source of classification or shelving scheme Dewey Decimal Classification
Koha item type Books
Suppress in OPAC No
Holdings
Withdrawn status Lost status Source of classification or shelving scheme Damaged status Not for loan Collection Home library Current library Shelving location Date acquired Total Checkouts Full call number Barcode Date last seen Price effective from Koha item type
    Dewey Decimal Classification     Juvenile Fiction Footprints International School Library Network Toul Tom Poung Campus Footprints International School Library Network Toul Tom Poung Campus TTP Primary Yellow Bookshelves 07/11/2025   ADL PZ7.A2615 C 2025-1831 07/11/2025 07/11/2025 Books